Loading...
Because of You
| Main Author: | |
|---|---|
| Format: | Printed Book |
| Language: | English |
| Published: |
Mumbai
Jaico Publishing House
2007
|
| LEADER | 00456nam a22001457a 4500 | ||
|---|---|---|---|
| 008 | 180612s9999 000 0 eng | ||
| 020 | |a 8179923517 | ||
| 082 | |a 080 | ||
| 100 | |a Zadra,Dan | ||
| 245 | |a Because of You | ||
| 260 | |a Mumbai |b Jaico Publishing House |c 2007 | ||
| 300 | |a 90p. |b PB | ||
| 942 | |2 ddc |c BK | ||
| 999 | |c 272921 |d 272921 | ||
| 952 | |0 0 |1 0 |4 0 |6 080_000000000000000_ZAD_B |7 0 |9 306977 |a ASC |b ASC |c ST1 |d 2014-01-30 |l 0 |o 080 ZAD/B |p ASC3295 |r 2018-08-20 |w 2018-08-20 |y BK | ||